000 00713nam a22002297a 4500
003 koha_MIRAKIL
005 20260416094146.0
008 260416b tur||||| |||| 00| 0 tur d
020 _a9789756227619
040 _aTR-IsEVY
_btur
_cTR-IsEVY
041 _atur
082 _aFIC SCI/A
100 _aScieszka, Jon
245 0 _aAnnen mağara kadını olmuş /
_cJon Scieszka; resimleyen Lane Smith.
250 _a12. bs.
260 _aİstanbul :
_bGünışığı Kitaplığı,
_c2024.
300 _a87 s. :
_brenkli resimli ;
_c19 cm.
490 0 _aZamanda Gezinen Üç Kafadar Dizisi ; 1.
650 _aÇocuk edebiyatı.
_vÇocuk Hikayeleri.
700 1 _aGirgin, Sedat.
_cresimleyen.
942 _2ddc
_cBK
999 _c23494
_d23494